[Event "Goldener Springer"]
[Site "Frankfurt/Main"]
[Date "2018.??.??"]
[Round "4.16"]
[White "Blaschke, Henri Johannes"]
[Black "Makilla, Tobias"]
[Result "1/2-1/2"]
[WhiteElo "1798"]
[BlackElo "1943"]
[PlyCount "50"]
[EventDate "2018.??.??"]
[WhiteTeam "SK Vellmar"]
[BlackTeam "SC Hattersheim"]

1. d4 d5 2. c4 Nc6 3. Nf3 Bg4 4. cxd5 Bxf3 5. exf3 Qxd5 6. Be3 e5 7. Nc3 Bb4 8.
dxe5 Qxe5 9. Qc1 Nge7 10. Be2 Nd5 11. O-O Bxc3 12. bxc3 Qxc3 13. Qxc3 Nxc3 14.
Bc4 O-O 15. Rfc1 Na4 16. Bb5 Nb6 17. Bxc6 bxc6 18. Bf4 Nd5 19. Bg3 f5 20. Be5
Rfe8 21. f4 Re6 22. Rab1 Rae8 23. g3 R8e7 24. Rb8+ Kf7 25. Ra8 g5 1/2-1/2

[Event "Goldener Springer"]
[Site "Frankfurt/Main"]
[Date "2018.??.??"]
[Round "4.17"]
[White "Ostermeier, Thorsten"]
[Black "Feicht, Arno"]
[Result "1-0"]
[WhiteElo "1964"]
[BlackElo "1943"]
[PlyCount "57"]
[EventDate "2018.??.??"]
[WhiteTeam "SF Frankfurt"]
[BlackTeam "SV Alsfeld"]

1. d4 Nf6 2. Nf3 g6 3. c4 Bg7 4. Nc3 d6 5. h3 O-O 6. g4 Na6 7. e4 c5 8. d5 e6
9. Bg5 h6 10. Be3 exd5 11. exd5 Re8 12. Bd3 Bxg4 13. hxg4 Nxg4 14. Qd2 Bd4 15.
O-O-O Rxe3 16. Nxd4 Rxd3 17. Qxd3 Nxf2 18. Qe3 Qg5 19. Qxg5 hxg5 20. Ndb5 g4
21. Nxd6 f5 22. a3 Rd8 23. Nxb7 Rd7 24. Na5 g3 25. Rhg1 f4 26. Ne2 g5 27. Nxg3
Nxd1 28. Ne4 Ne3 29. Nf6+ 1-0

[Event "Goldener Springer"]
[Site "Frankfurt/Main"]
[Date "2018.??.??"]
[Round "4.18"]
[White "Baschin, Wolf Hajo"]
[Black "Stock, Juergen"]
[Result "1-0"]
[WhiteElo "1743"]
[BlackElo "1938"]
[PlyCount "87"]
[EventDate "2018.??.??"]
[WhiteTeam "SVG Caissa Kassel"]
[BlackTeam "Sfr. Kelkheim"]

1. d4 e6 2. Nf3 d5 3. Bf4 Nd7 4. e3 f5 5. c4 c6 6. Nbd2 Be7 7. Ne5 Ngf6 8. h3
O-O 9. Bd3 Ne4 10. O-O Ndf6 11. f3 Nxd2 12. Qxd2 Nh5 13. Bh2 g5 14. g4 Ng7 15.
Qc2 Rf6 16. Rf2 h5 17. Kg2 Bd6 18. c5 Bc7 19. f4 Bxe5 20. fxe5 Rh6 21. gxf5
exf5 22. Rg1 g4 23. Kf1 Qh4 24. hxg4 hxg4 25. Bf4 Rg6 26. Rh2 Qe7 27. Rgh1 b6
28. b4 bxc5 29. bxc5 a5 30. Qa4 Qa7 31. Rh8+ Kf7 32. R1h6 Ba6 33. Bxa6 Qxa6+
34. Kf2 Rxh8 35. Rxh8 Ne6 36. Qc2 Ng7 37. Bh6 Qb7 38. Bxg7 Kxg7 39. Qxf5 Qb2+
40. Kg3 Kxh8 41. Qxg6 Qxa2 42. e6 Qd2 43. Qh6+ Kg8 44. e7 1-0

[Event "Goldener Springer"]
[Site "Frankfurt/Main"]
[Date "2018.??.??"]
[Round "4.19"]
[White "Pessotschinski, Lars"]
[Black "Reichelt, Florian"]
[Result "0-1"]
[WhiteElo "1024"]
[BlackElo "1865"]
[PlyCount "74"]
[EventDate "2018.??.??"]
[WhiteTeam "TuS Makkabi"]
[BlackTeam "SC Butzbach"]

1. e4 c5 2. Nc3 d6 3. f4 Nf6 4. Nf3 a6 5. Be2 e6 6. O-O Nbd7 7. d3 b5 8. h3 Bb7
9. Qe1 g6 10. Qg3 Bg7 11. f5 exf5 12. exf5 Qb6 13. Bf4 Nh5 14. Qg4 Nxf4 15.
Qxf4 O-O-O 16. Ng5 c4+ 17. Kh2 Be5 18. Qxe5 Nxe5 19. dxc4 bxc4 20. Rf4 Qxb2 21.
Nxf7 Qxa1 22. Nxd8 Rxd8 23. Nd1 g5 24. Rf2 d5 25. f6 d4 26. Rf5 d3 27. cxd3
cxd3 28. Bh5 Be4 29. Rxg5 Qxa2 30. Ne3 Nf3+ 31. Bxf3 Bxf3 32. Rf5 Bxg2 33. Ng4
Bf3+ 34. Kg3 Qg2+ 35. Kh4 Bxg4 36. hxg4 Qh2+ 37. Kg5 Rg8# 0-1

[Event "Goldener Springer"]
[Site "Frankfurt/Main"]
[Date "2018.??.??"]
[Round "4.20"]
[White "Pessotschinski, Eduard"]
[Black "Dyga, Ryszard"]
[Result "1-0"]
[WhiteElo "1367"]
[BlackElo "1542"]
[PlyCount "65"]
[EventDate "2018.??.??"]
[WhiteTeam "TuS Makkabi"]
[BlackTeam "SV Hofheim"]

1. e4 e5 2. Nf3 Nf6 3. Nxe5 d6 4. Nf3 Nxe4 5. d4 c6 6. Bd3 Nf6 7. O-O Be7 8.
Nc3 O-O 9. Re1 Re8 10. Bf4 Nbd7 11. Ne4 Nxe4 12. Bxe4 Nf6 13. Qd3 Nxe4 14. Qxe4
d5 15. Qe3 Bf5 16. c3 Be6 17. Ne5 f6 18. Nxc6 Qd7 19. Nxe7+ Rxe7 20. Qg3 Bf5
21. Re3 Rae8 22. Rae1 Rxe3 23. Rxe3 Qb5 24. Bh6 Bg6 25. Rxe8+ Qxe8 26. Be3 Qe4
27. Qb8+ Be8 28. h3 Qb1+ 29. Kh2 Kf7 30. Qxb7+ Kg6 31. Qxd5 Qxb2 32. Qe4+ f5
33. Qxe8+ 1-0

[Event "Goldener Springer"]
[Site "Frankfurt/Main"]
[Date "2018.??.??"]
[Round "5.1"]
[White "Calvi, Stefan"]
[Black "Drill, Frank"]
[Result "0-1"]
[WhiteElo "2081"]
[BlackElo "2014"]
[PlyCount "52"]
[EventDate "2018.??.??"]
[WhiteTeam "SF Frankfurt"]
[BlackTeam "SF Neuberg"]

1. e4 Nc6 2. d4 d5 3. exd5 Qxd5 4. Nf3 Bg4 5. Be2 O-O-O 6. Be3 Nf6 7. O-O Qh5
8. h3 e5 9. hxg4 Nxg4 10. Nh4 f5 11. Bxg4 fxg4 12. g3 exd4 13. Bc1 g5 14. Bxg5
Qxg5 15. Nd2 Ne5 16. Ne4 Qh6 17. Kg2 Be7 18. Rh1 Qc6 19. Qe2 Rhf8 20. Kf1 Bxh4
21. Rxh4 Nf3 22. Rxg4 Nh2+ 23. Ke1 Rde8 24. Kd2 h5 25. Rh4 Nf3+ 26. Kd3 Qa6+
0-1

[Event "Goldener Springer"]
[Site "Frankfurt/Main"]
[Date "2018.??.??"]
[Round "5.2"]
[White "Dolzhykova, Kateryna"]
[Black "Rudolph, Peter"]
[Result "1-0"]
[WhiteElo "2270"]
[BlackElo "2095"]
[PlyCount "41"]
[EventDate "2018.??.??"]
[BlackTeam "SK Gießen"]

1. e4 c5 2. Nf3 Nc6 3. Bb5 e5 4. O-O Bd6 5. c3 a6 6. Bxc6 dxc6 7. d4 Bg4 8.
dxe5 Bc7 9. Nbd2 b5 10. h3 h5 11. Qe2 Bxe5 12. Qe3 Qe7 13. Nxe5 Qxe5 14. f4 Qe6
15. hxg4 hxg4 16. f5 Qe7 17. Qg3 O-O-O 18. e5 Rd3 19. Qxd3 Qh4 20. Ne4 g3 21.
Nxg3 1-0

[Event "Goldener Springer"]
[Site "Frankfurt/Main"]
[Date "2018.??.??"]
[Round "5.3"]
[White "Meyner, Hannes"]
[Black "Sevall, Jacob"]
[Result "1/2-1/2"]
[WhiteElo "2178"]
[BlackElo "1979"]
[PlyCount "69"]
[EventDate "2018.??.??"]
[WhiteTeam "TG Wehlheiden"]

1. d4 f5 2. Nc3 Nf6 3. Bg5 e6 4. e4 fxe4 5. Nxe4 Be7 6. Bxf6 Bxf6 7. Qh5+ g6 8.
Qh6 Bxd4 9. O-O-O Bf6 10. Nf3 Qe7 11. Qf4 O-O 12. Nxf6+ Qxf6 13. Qxc7 Nc6 14.
h4 d5 15. Ng5 Qf4+ 16. Qxf4 Rxf4 17. Nf3 h6 18. Bd3 Kg7 19. Rhe1 Bd7 20. Bb5
Raf8 21. Bxc6 bxc6 22. Ne5 Be8 23. Nd3 Rxh4 24. Rxe6 Re4 25. Nc5 Rc4 26. Re7+
Kf6 27. Rde1 Rxc5 28. Rxe8 Rf7 29. R1e6+ Kg5 30. Rg8 Rf6 31. f4+ Kf5 32. Rxf6+
Kxf6 33. Rf8+ Kg7 34. Rc8 Kf6 35. Rf8+ 1/2-1/2

[Event "Goldener Springer"]
[Site "Frankfurt/Main"]
[Date "2018.??.??"]
[Round "5.4"]
[White "Koch, Markus"]
[Black "Orwatsch, Gerhard"]
[Result "1-0"]
[WhiteElo "2126"]
[BlackElo "2055"]
[PlyCount "87"]
[EventDate "2018.??.??"]
[WhiteTeam "SC Brett vorm Kopp"]
[BlackTeam "SK Gießen"]

1. d4 d5 2. c4 e6 3. Nc3 f5 4. g3 Nf6 5. Bg2 c6 6. Nh3 Bd6 7. O-O O-O 8. Bf4
Qe7 9. Rc1 Bd7 10. Qb3 Bc8 11. cxd5 exd5 12. Bxd5+ Kh8 13. Bg2 Nbd7 14. Bxd6
Qxd6 15. Ng5 Qe7 16. Qe6 Ng8 17. Qxe7 Nxe7 18. d5 cxd5 19. Ne6 Rf6 20. Nc7 Rb8
21. N3xd5 Nxd5 22. Nxd5 Re6 23. Rc7 Nb6 24. Rfc1 Re8 25. Nf4 Na8 26. Rf7 g5 27.
Nh5 Be6 28. Rf6 Re7 29. h3 Nb6 30. e3 Nd7 31. Rh6 Nf8 32. b3 Ng6 33. Rd1 Rf8
34. Bd5 Bxd5 35. Rxd5 Ne5 36. Rf6 Kg8 37. f4 gxf4 38. exf4 Nf3+ 39. Kf2 Rxf6
40. Nxf6+ Kf7 41. Nxh7 Ne1 42. Ng5+ Kg6 43. Rd6+ Kg7 44. Ne6+ 1-0

[Event "Goldener Springer"]
[Site "Frankfurt/Main"]
[Date "2018.??.??"]
[Round "5.5"]
[White "Cherny, Andrey"]
[Black "Henrich, David"]
[Result "1-0"]
[WhiteElo "2162"]
[BlackElo "2092"]
[PlyCount "169"]
[EventDate "2018.??.??"]
[WhiteTeam "Kasseler SK"]
[BlackTeam "Frankfurter TV"]

1. b3 d6 2. Bb2 e5 3. e4 Nf6 4. Nc3 Be7 5. d4 Nbd7 6. d5 Nc5 7. Bd3 a5 8. Nge2
c6 9. O-O O-O 10. Ng3 Qb6 11. a4 g6 12. Bc1 Qb4 13. Ba3 Qb6 14. Be2 h5 15. Bf3
Bg4 16. Re1 Kg7 17. h3 Bxf3 18. Qxf3 Nh7 19. dxc6 bxc6 20. Qe3 Bg5 21. Qe2 Rad8
22. Rad1 Be7 23. Nf1 Ne6 24. Ne3 Nd4 25. Qd3 Qc7 26. Ne2 Ne6 27. Qc3 Nf6 28.
Qc4 Nxe4 29. Bb2 N4c5 30. f4 d5 31. Qc3 Ne4 32. Qxe5+ Qxe5 33. Bxe5+ f6 34. Bd4
N6c5 35. f5 g5 36. Bb2 Bd6 37. Nd4 Be5 38. Nxc6 Bxb2 39. Nxd8 Rxd8 40. Rxd5
Rxd5 41. Nxd5 Bd4+ 42. Ne3 g4 43. hxg4 hxg4 44. Kh2 Be5+ 45. Kh1 Bg3 46. Rb1
Nc3 47. Rf1 N5e4 48. Nxg4 Ne2 49. Rf3 Bc7 50. g3 N4xg3+ 51. Kg2 Nh5 52. Re3
Nef4+ 53. Kf3 Kf7 54. Nh6+ Kf8 55. Rc3 Bd8 56. Ke4 Ne2 57. Rc8 Ke7 58. Ra8 Bb6
59. Rb8 Bc5 60. Kd5 Bd4 61. Rb7+ Ke8 62. Nf7 Bc3 63. Nd6+ Kf8 64. Ne4 Bb4 65.
c4 Nhf4+ 66. Kc6 Nd4+ 67. Kb6 Nxb3 68. Nxf6 Nd3 69. Nh7+ Ke8 70. f6 Ne5 71. Ng5
Nd7+ 72. Kc6 Nxf6 73. Ne6 Ne4 74. Rh7 Nc3 75. c5 Nxa4 76. Kd6 Bxc5+ 77. Kd5 Bb4
78. Nc7+ Kf8 79. Ne6+ Ke8 80. Nc7+ Kf8 81. Ke6 Nac5+ 82. Kf6 Bc3+ 83. Kg6 a4
84. Rf7+ Kg8 85. Nd5 1-0

[Event "Goldener Springer"]
[Site "Frankfurt/Main"]
[Date "2018.??.??"]
[Round "5.6"]
[White "Chandler, Patrick"]
[Black "Adamczyk, Matthias"]
[Result "1-0"]
[WhiteElo "2170"]
[BlackElo "1817"]
[PlyCount "109"]
[EventDate "2018.??.??"]
[WhiteTeam "SC Nied"]
[BlackTeam "SC Weiterstadt"]

1. e4 e6 2. d4 d5 3. Nd2 c5 4. Ngf3 Nc6 5. exd5 exd5 6. dxc5 Bxc5 7. Nb3 Bb6 8.
Be2 Nf6 9. O-O O-O 10. Nfd4 Re8 11. Nxc6 bxc6 12. c3 h6 13. Nd4 Bb7 14. Nc2 Ne4
15. Be3 Bxe3 16. fxe3 Qg5 17. Bd3 Re6 18. Rf3 Rg6 19. Qe2 Re8 20. Raf1 Rf6 21.
Bxe4 Rxe4 22. Rxf6 gxf6 23. Rf3 Bc8 24. Qf2 Kg7 25. h3 Qh4 26. Rg3+ Kf8 27. Nd4
Bd7 28. Ne2 f5 29. Nf4 Qd8 30. Qf3 Qh4 31. Kh2 Be6 32. Qf2 Ke7 33. b3 Qf6 34.
Qd2 Qe5 35. Rf3 Ke8 36. g3 Ke7 37. Nd3 Qd6 38. Nf2 Re5 39. Rf4 Qc5 40. Rd4 Qb6
41. b4 Qa6 42. Kg2 Qb5 43. Nd3 Re4 44. Nc5 Rxd4 45. exd4 Qc4 46. Kf2 f4 47.
gxf4 Bxh3 48. Qe3+ Be6 49. f5 Qxa2+ 50. Kg3 Qb1 51. Nd3 Qc2 52. fxe6 fxe6 53.
Nf4 Qf5 54. Qe5 Qf7 55. Qc7+ 1-0

[Event "Goldener Springer"]
[Site "Frankfurt/Main"]
[Date "2018.??.??"]
[Round "5.7"]
[White "Rutsatz, Mario"]
[Black "Spiegelberg, Silvia"]
[Result "1-0"]
[WhiteElo "1993"]
[BlackElo "1892"]
[PlyCount "81"]
[EventDate "2018.??.??"]
[WhiteTeam "SF Frankfurt"]
[BlackTeam "SF Sasbach"]

1. c4 c5 2. g3 Nf6 3. Bg2 d5 4. cxd5 Nxd5 5. Nc3 Nc7 6. a3 e5 7. Nf3 Nc6 8. b4
cxb4 9. axb4 Bxb4 10. Nxe5 Nxe5 11. Qa4+ Nc6 12. Bxc6+ bxc6 13. Qxb4 Be6 14.
Ba3 f6 15. Ne4 Nb5 16. O-O Kf7 17. Rfc1 Bd5 18. Nc5 Re8 19. e4 Be6 20. Nxe6
Rxe6 21. Rc4 Rd6 22. Qb3 Re6 23. Rxc6 Nd4 24. Qb7+ Kg6 25. Rc7 Qg8 26. Bc5 Rb8
27. Rxg7+ Qxg7 28. Qxb8 Nc6 29. Qf4 a5 30. Rb1 Qd7 31. Qf5+ Kg7 32. d4 Ne7 33.
Qg4+ Ng6 34. h4 h5 35. Qf5 Re7 36. Bxe7 Qxe7 37. Qd5 Kh6 38. Rb5 a4 39. Qxh5+
Kg7 40. Qd5 Kh6 41. Rb7 1-0

[Event "Goldener Springer"]
[Site "Frankfurt/Main"]
[Date "2018.??.??"]
[Round "5.9"]
[White "Lange, Martin"]
[Black "Maam, Tsendjav"]
[Result "1/2-1/2"]
[WhiteElo "1826"]
[BlackElo "1855"]
[PlyCount "143"]
[EventDate "2018.??.??"]
[WhiteTeam "Sfr. Kelkheim"]

1. e4 g6 2. d4 Bg7 3. f4 d6 4. Nf3 Nf6 5. e5 Ne4 6. Nbd2 Nxd2 7. Bxd2 O-O 8.
Bc4 d5 9. Bb3 Bf5 10. O-O b6 11. c4 Bd3 12. Rf2 dxc4 13. Bc2 Bxc2 14. Qxc2 b5
15. a4 c6 16. b3 cxb3 17. Qxb3 a6 18. Rc1 e6 19. Bb4 Re8 20. Bd6 Qb6 21. Rfc2
Rc8 22. Bc5 Qd8 23. Ng5 Bf8 24. Qh3 h6 25. Nxe6 fxe6 26. Qxe6+ Kh7 27. Bxf8
Qxf8 28. d5 Re8 29. Qg4 cxd5 30. Rc7+ Re7 31. Qe6 Ra7 32. Qd6 Qf7 33. Rxa7 Rxa7
34. Qxb8 Rb7 35. Qc8 b4 36. Qg4 b3 37. Rb1 Qc7 38. Qd1 Qc5+ 39. Kh1 Qc4 40. h3
b2 41. Qd2 d4 42. Rxb2 Rxb2 43. Qxb2 Qf1+ 44. Kh2 Qxf4+ 45. Kh1 Qxe5 46. Qb7+
Qg7 47. Qxa6 Qd7 48. Qe2 d3 49. Qd2 Qd4 50. a5 Qc4 51. Qe3 g5 52. Kg1 Qd5 53.
Qd2 Kg6 54. Kf2 Qd4+ 55. Kf1 Qc4 56. Kf2 Kf5 57. g4+ Ke4 58. Qe3+ Kd5 59. Ke1
Qb4+ 60. Qd2 Qe4+ 61. Kf2 Qd4+ 62. Kf1 Qf6+ 63. Kg2 Kc4 64. Qa2+ Kb4 65. Qd2+
Kc4 66. Qa2+ Kb5 67. Qb3+ Kxa5 68. Qxd3 Kb4 69. Qb1+ Kc4 70. Qa2+ Kc5 71. Qa5+
Kc4 72. Qa2+ 1/2-1/2

[Event "Goldener Springer"]
[Site "Frankfurt/Main"]
[Date "2018.??.??"]
[Round "5.10"]
[White "Kuban, Guenther"]
[Black "Ostermeier, Thorsten"]
[Result "0-1"]
[WhiteElo "2109"]
[BlackElo "1964"]
[PlyCount "74"]
[EventDate "2018.??.??"]
[WhiteTeam "SV Oberursel"]
[BlackTeam "SF Frankfurt"]

1. Nf3 d5 2. d4 Nf6 3. c4 c6 4. e3 e6 5. Be2 Nbd7 6. O-O Bd6 7. b3 O-O 8. Nbd2
Ne4 9. Nxe4 dxe4 10. Nd2 f5 11. c5 Bc7 12. f4 Nf6 13. Nc4 b5 14. cxb6 axb6 15.
a4 Ba6 16. Ba3 Re8 17. Qc2 Nd5 18. Rae1 b5 19. Ne5 Nxe3 20. Qxc6 Nxf1 21. axb5
Qxd4+ 22. Kxf1 Bb6 23. Qxb6 Qxb6 24. bxa6 Rxa6 25. Nd7 Qxb3 26. Bxa6 Qxa3 27.
Bc4 Qa4 28. Ne5 h6 29. h4 g5 30. hxg5 hxg5 31. fxg5 Qb4 32. Be2 Qd2 33. Nc4
Qxg5 34. Kg1 Ra8 35. Bf1 Ra2 36. Rb1 Qg3 37. Rb8+ Qxb8 0-1

[Event "Goldener Springer"]
[Site "Frankfurt/Main"]
[Date "2018.??.??"]
[Round "5.11"]
[White "Reitz, Gerhard"]
[Black "Lange, Lars"]
[Result "1-0"]
[WhiteElo "1998"]
[BlackElo "1835"]
[PlyCount "51"]
[EventDate "2018.??.??"]
[WhiteTeam "SC Obertshausen"]
[BlackTeam "Sfr. Kelkheim"]

1. e4 c5 2. Nf3 d6 3. d4 cxd4 4. Nxd4 Nf6 5. Nc3 a6 6. Be2 e5 7. Nb3 Be7 8. O-O
O-O 9. Be3 Be6 10. f4 d5 11. fxe5 Nxe4 12. Nxe4 dxe4 13. Qe1 Nc6 14. Qg3 Qc7
15. Bf4 Rad8 16. c3 b5 17. Kh1 Kh8 18. h4 Rd5 19. Nd2 Nxe5 20. Nxe4 f6 21. a4
Qd7 22. axb5 axb5 23. Be3 Rc8 24. Ra7 Rc7 25. Ra8+ Bg8 26. Nxf6 1-0

[Event "Goldener Springer"]
[Site "Frankfurt/Main"]
[Date "2018.??.??"]
[Round "5.12"]
[White "Baschin, Wolf Hajo"]
[Black "Bennedik, Martin"]
[Result "0-1"]
[WhiteElo "1743"]
[BlackElo "2073"]
[PlyCount "26"]
[EventDate "2018.??.??"]
[WhiteTeam "SVG Caissa Kassel"]
[BlackTeam "SV Frankfurt Nord"]

1. d4 Nf6 2. Nf3 g6 3. Bf4 Bg7 4. e3 O-O 5. Be2 d6 6. c4 c5 7. dxc5 Nh5 8. Qc2
Nxf4 9. exf4 dxc5 10. Nc3 Nc6 11. a3 Bf5 12. Qc1 Nd4 13. O-O Nb3 0-1

[Event "Goldener Springer"]
[Site "Frankfurt/Main"]
[Date "2018.??.??"]
[Round "5.13"]
[White "Makilla, Tobias"]
[Black "Varma, Christopher"]
[Result "1/2-1/2"]
[WhiteElo "1943"]
[BlackElo "1809"]
[PlyCount "53"]
[EventDate "2018.??.??"]
[WhiteTeam "SC Hattersheim"]
[BlackTeam "SC Bad Nauheim"]

1. e4 e6 2. d4 d5 3. Nd2 Be7 4. Bd3 Nf6 5. e5 Nfd7 6. Qg4 Kf8 7. Ne2 c5 8. c3
b6 9. O-O Ba6 10. Bxa6 Nxa6 11. f4 g6 12. Nf3 Rc8 13. h4 h5 14. Qh3 cxd4 15.
Nexd4 Ndc5 16. Ng5 Qd7 17. b4 Bxg5 18. fxg5 Ne4 19. Bb2 Kg7 20. Rf4 Rhe8 21.
Raf1 Re7 22. b5 Nb8 23. R1f3 Nd2 24. Rd3 Nc4 25. Bc1 Nxe5 26. Rd1 Nc4 27. Rf6
1/2-1/2

[Event "Goldener Springer"]
[Site "Frankfurt/Main"]
[Date "2018.??.??"]
[Round "5.14"]
[White "Hebauf, Markus"]
[Black "Blaschke, Henri Johannes"]
[Result "0-1"]
[WhiteElo "1329"]
[BlackElo "1798"]
[PlyCount "44"]
[EventDate "2018.??.??"]
[BlackTeam "SK Vellmar"]

1. d4 Nf6 2. c4 e6 3. Nf3 b6 4. Nc3 Bb4 5. Bg5 h6 6. Bxf6 Qxf6 7. a3 Bxc3+ 8.
bxc3 Bb7 9. Qd3 d6 10. e4 Nd7 11. Be2 O-O 12. h4 Qg6 13. d5 Nc5 14. Qe3 Qxe4
15. Rd1 Qxe3 16. fxe3 Rae8 17. Rh3 exd5 18. Kf2 Ne4+ 19. Ke1 Nxc3 20. Rd3 Nxe2
21. Kxe2 Ba6 22. Kd2 Bxc4 0-1

[Event "Goldener Springer"]
[Site "Frankfurt/Main"]
[Date "2018.??.??"]
[Round "5.15"]
[White "Voellinger, Florian"]
[Black "Gutacker, Stephan"]
[Result "1-0"]
[WhiteElo "1861"]
[BlackElo "1916"]
[PlyCount "69"]
[EventDate "2018.??.??"]
[WhiteTeam "SF Dettingen"]
[BlackTeam "Sfr. Kelkheim"]

1. d4 Nf6 2. c4 e6 3. Nc3 d5 4. Bg5 Be7 5. cxd5 Nxd5 6. Bxe7 Qxe7 7. e4 Nxc3 8.
bxc3 O-O 9. Nf3 b6 10. Bd3 Bb7 11. O-O Nd7 12. Re1 Rfd8 13. Qa4 e5 14. Rad1 h6
15. Bb5 exd4 16. cxd4 a6 17. Bc6 b5 18. Qc2 Bxc6 19. Qxc6 Nb6 20. d5 Qd6 21.
Qc2 f6 22. Nd4 Nc4 23. g3 Qb6 24. Nc6 Re8 25. Kg2 Ne5 26. Nd4 Rac8 27. f4 c5
28. Nf5 Nd7 29. d6 Rc6 30. Ne7+ Kf7 31. e5 Rxe7 32. dxe7 Qb7 33. Qg6+ Kxg6 34.
e8=Q+ Kh7 35. Qxd7 1-0

[Event "Goldener Springer"]
[Site "Frankfurt/Main"]
[Date "2018.??.??"]
[Round "5.16"]
[White "Reichelt, Florian"]
[Black "Weiland, Thomas"]
[Result "1/2-1/2"]
[WhiteElo "1865"]
[BlackElo "1790"]
[PlyCount "194"]
[EventDate "2018.??.??"]
[WhiteTeam "SC Butzbach"]
[BlackTeam "SV Oberursel"]

1. e4 c6 2. d4 d5 3. Nc3 dxe4 4. Nxe4 Bf5 5. Ng3 Bg6 6. h4 h6 7. h5 Bh7 8. Nf3
Nf6 9. Bd3 Bxd3 10. Qxd3 Nbd7 11. Bd2 e6 12. O-O-O Qc7 13. Kb1 O-O-O 14. c4 Bd6
15. Ne4 Nxe4 16. Qxe4 Nf6 17. Qc2 c5 18. d5 exd5 19. cxd5 Kb8 20. Bc3 Rhe8 21.
Nh4 Be5 22. Nf5 Nxd5 23. Bxe5 Qxe5 24. g4 Nb4 25. Qc4 Rxd1+ 26. Rxd1 Qe4+ 27.
Qxe4 Rxe4 28. Nxg7 Rxg4 29. Ne8 Kc8 30. a3 Nc6 31. Nd6+ Kc7 32. Nxf7 Rf4 33.
Nxh6 Rxf2 34. Ng4 Rg2 35. Nf6 Ne5 36. h6 Rh2 37. h7 Ng6 38. Rg1 Nf8 39. Rg7+
Kc6 40. Rf7 Nxh7 41. Rxh7 Re2 42. Ng4 a6 43. Rh2 Re4 44. Nf2 Re1+ 45. Ka2 c4
46. Rh1 Re2 47. Nd1 b5 48. Rh6+ Kb7 49. Nc3 Rg2 50. Nd5 Rg5 51. Rh7+ Kb8 52.
Nb4 Rg6 53. Rh5 Kb7 54. a4 bxa4 55. Ra5 Rg2 56. Ka3 Rg3+ 57. Kxa4 Rb3 58. Nxa6
Rxb2 59. Nc5+ Kc6 60. Ka3 Rh2 61. Ne4 Rh8 62. Rc5+ Kb6 63. Rxc4 Rh4 64. Kb4 Rf4
65. Kc3 Rh4 66. Kd4 Rh1 67. Rc2 Rd1+ 68. Ke5 Rb1 69. Kd6 Rd1+ 70. Nd2 Rh1 71.
Rb2+ Ka5 72. Nc4+ Ka4 73. Kc5 Rh5+ 74. Kd4 Rh4+ 75. Kd5 Rh5+ 76. Ne5 Rh8 77.
Kc5 Rc8+ 78. Nc6 Rh8 79. Rb4+ Ka3 80. Rb1 Ka2 81. Rb6 Rh5+ 82. Kc4 Rh1 83. Nb4+
Kb1 84. Nd3+ Ka2 85. Kc3 Rh8 86. Nb4+ Kb1 87. Nd3+ Ka1 88. Kb3 Rh1 89. Ra6+ Kb1
90. Rc6 Rg1 91. Rc2 Rf1 92. Rc3 Rd1 93. Ka3 Rf1 94. Rb3+ Kc2 95. Nb4+ Kd2 96.
Rd3+ Ke2 97. Kb2 Rf8 1/2-1/2

[Event "Goldener Springer"]
[Site "Frankfurt/Main"]
[Date "2018.??.??"]
[Round "5.17"]
[White "Pishanidar, Borzou"]
[Black "Dyga, Ryszard"]
[Result "0-1"]
[WhiteElo "1860"]
[BlackElo "1542"]
[PlyCount "72"]
[EventDate "2018.??.??"]
[WhiteTeam "SV Andernach"]
[BlackTeam "SV Hofheim"]

1. d4 d5 2. c4 c6 3. Nc3 Nf6 4. Bf4 Bf5 5. e3 e6 6. Nf3 Nbd7 7. h3 h6 8. Bd3
Bxd3 9. Qxd3 Bb4 10. O-O O-O 11. a3 dxc4 12. Qxc4 Bxc3 13. bxc3 Nb6 14. Qd3 c5
15. c4 cxd4 16. exd4 Nfd7 17. Rfd1 Rc8 18. Rac1 Nf6 19. Nd2 Nbd7 20. c5 Nxc5
21. Qb1 Nd5 22. Bg3 Na4 23. Rxc8 Qxc8 24. Re1 Nac3 25. Qd3 Qd7 26. Kh2 Rc8 27.
Nf3 Qa4 28. Bd6 Nb5 29. Bb4 Nxb4 30. axb4 Qxb4 31. Rb1 Qd6+ 32. g3 a6 33. Rd1
Qd5 34. Ne5 Rc3 35. Qd2 Qe4 36. Nd7 Rc2 0-1

[Event "Goldener Springer"]
[Site "Frankfurt/Main"]
[Date "2018.??.??"]
[Round "5.18"]
[White "Feicht, Arno"]
[Black "Stock, Juergen"]
[Result "1-0"]
[WhiteElo "1943"]
[BlackElo "1938"]
[PlyCount "69"]
[EventDate "2018.??.??"]
[WhiteTeam "SV Alsfeld"]
[BlackTeam "Sfr. Kelkheim"]

1. e4 e6 2. d4 d5 3. Nc3 Nf6 4. e5 Nfd7 5. Nce2 c5 6. c3 Nc6 7. f4 f6 8. Nf3
fxe5 9. fxe5 Be7 10. Nf4 Nf8 11. Bd3 cxd4 12. cxd4 Bb4+ 13. Bd2 Bxd2+ 14. Qxd2
Bd7 15. a3 Qe7 16. b4 a6 17. O-O g5 18. Nh5 g4 19. Nf6+ Kd8 20. Ng5 h6 21. Nxd7
Nxd7 22. Nf7+ Kc7 23. Nxh8 Rxh8 24. Rac1 Kb8 25. Bxa6 Ncxe5 26. dxe5 bxa6 27.
Qd4 h5 28. Rc6 Rc8 29. Rxc8+ Kxc8 30. Qa7 Qg5 31. Qxa6+ Kd8 32. Qxe6 Qe3+ 33.
Kh1 Qe2 34. Qg8+ Kc7 35. Rc1+ 1-0

[Event "Goldener Springer"]
[Site "Frankfurt/Main"]
[Date "2018.??.??"]
[Round "5.19"]
[White "Pessotschinski, Eduard"]
[Black "Pessotschinski, Lars"]
[Result "0-1"]
[WhiteElo "1367"]
[BlackElo "1024"]
[PlyCount "48"]
[EventDate "2018.??.??"]
[WhiteTeam "TuS Makkabi"]
[BlackTeam "TuS Makkabi"]

1. e4 e5 2. Nf3 Nc6 3. d4 exd4 4. Nxd4 Nxd4 5. Qxd4 Qf6 6. Qxf6 Nxf6 7. Nc3 Bb4
8. Bd2 Bxc3 9. Bxc3 Nxe4 10. Bxg7 Rg8 11. Be5 d6 12. Bc3 Nxc3 13. bxc3 Bf5 14.
Rc1 O-O-O 15. Bc4 Rg7 16. O-O Bh3 17. Bxf7 Rxg2+ 18. Kh1 Rg7 19. Bb3 Bxf1 20.
Rxf1 c5 21. Be6+ Kc7 22. Rd1 Rf8 23. Rd2 Re8 24. Bc4 Re1+ 0-1

[Event "Goldener Springer"]
[Site "Frankfurt/Main"]
[Date "2018.??.??"]
[Round "6.1"]
[White "Dolzhykova, Kateryna"]
[Black "Drill, Frank"]
[Result "1-0"]
[WhiteElo "2270"]
[BlackElo "2014"]
[PlyCount "67"]
[EventDate "2018.??.??"]
[BlackTeam "SF Neuberg"]

1. e4 Nc6 2. Nf3 d5 3. exd5 Qxd5 4. Nc3 Qa5 5. g3 Bg4 6. Bg2 Nf6 7. h3 Bh5 8.
d3 e6 9. Bd2 O-O-O 10. a3 Qa6 11. b4 Bxf3 12. Bxf3 Nd4 13. Bg2 Qd6 14. O-O h6
15. a4 c6 16. b5 c5 17. a5 g5 18. a6 b6 19. f4 gxf4 20. Rxf4 e5 21. Rf2 Be7 22.
Be3 Rdg8 23. g4 Rg7 24. Qf1 Bd8 25. Bh1 h5 26. Qg2 e4 27. Nxe4 Nxe4 28. Qxe4
Qg3+ 29. Bg2 Bc7 30. Qa8+ Bb8 31. Bf4 Ne2+ 32. Rxe2 Qxf4 33. Qb7+ Kd8 34. Qe7+
1-0

[Event "Goldener Springer"]
[Site "Frankfurt/Main"]
[Date "2018.??.??"]
[Round "6.2"]
[White "Cherny, Andrey"]
[Black "Koch, Markus"]
[Result "1-0"]
[WhiteElo "2162"]
[BlackElo "2126"]
[PlyCount "101"]
[EventDate "2018.??.??"]
[WhiteTeam "Kasseler SK"]
[BlackTeam "SC Brett vorm Kopp"]

1. d4 d5 2. Nf3 Nf6 3. c4 e6 4. g3 Be7 5. Bg2 O-O 6. O-O dxc4 7. Qc2 Nc6 8. Rd1
a6 9. Qxc4 Rb8 10. a3 Bd7 11. Qc2 Bd6 12. Nbd2 b5 13. Nb3 Qe7 14. Ng5 Nd8 15.
e4 h6 16. Nh3 e5 17. dxe5 Qxe5 18. f4 Qh5 19. Nf2 Ng4 20. h3 Nxf2 21. Kxf2 Be6
22. Nd4 Qc5 23. Qxc5 Bxc5 24. b4 Bb6 25. Be3 Bc4 26. Nf5 Re8 27. Bxb6 Rxb6 28.
Ne3 c5 29. Nxc4 bxc4 30. bxc5 Rc6 31. Rd6 Rxc5 32. Rxa6 Ne6 33. e5 c3 34. Ke3
c2 35. Rc1 Rb8 36. Be4 Rc3+ 37. Kd2 Rxg3 38. Rxc2 Rxh3 39. Bf5 Rh2+ 40. Kc3
Rc8+ 41. Kb2 Rb8+ 42. Ka2 Rxc2+ 43. Bxc2 Nxf4 44. a4 h5 45. Rc6 Nd5 46. Ka3 Nb4
47. Rc4 Nxc2+ 48. Rxc2 Kf8 49. Rc7 g5 50. e6 h4 51. Rxf7+ 1-0